书目信息 |
| 题名: |
2008年考研政治理论复习导本
|
|
| 作者: | 李淮春 主编 | |
| 分册: | ||
| 出版信息: | 北京 中国人民大学出版社 1999.04 |
|
| 页数: | 476页 | |
| 开本: | 29cm | |
| 丛书名: | ||
| 单 册: | ||
| 中图分类: | D0 | |
| 科图分类: | ||
| 主题词: | 政治理论--zheng zhi li lun--研究生--入学考试--自学参考资料 | |
| 电子资源: | ||
| ISBN: | 978-7-300-03089-0 | |
| 000 | 00915nam0 2200241 450 | |
| 001 | 012007113578 | |
| 005 | 20080617165025.76 | |
| 010 | @a978-7-300-03089-0@dCNY39.00 | |
| 100 | @a20060826d1999 km y0chiy0120 ea | |
| 101 | 0 | @achi |
| 102 | @aCN@b110000 | |
| 105 | @ay z 000yy | |
| 200 | 1 | @a2008年考研政治理论复习导本@A2008 nian kao yan zheng zhi li lun fu xi dao ben@f李淮春主编@Fli huai chun zhu bian |
| 205 | @a第9版 | |
| 210 | @a北京@c中国人民大学出版社@d1999.04 | |
| 215 | @a476页@d29cm | |
| 330 | @a本书内容覆盖历年常考知识点,各章附有精编习题,涵盖历年常考真题。具体包括马克思主义哲学原理、马克思主义政治经济学原理、毛泽东思想概论等五大部分。 | |
| 517 | 1 | @a考研政治理论复习导本@Akao yan zheng zhi li lun fu xi dao ben |
| 606 | 0 | @a政治理论@Azheng zhi li lun@x研究生@x入学考试@j自学参考资料 |
| 690 | @aD0@v4 | |
| 701 | 0 | @a李淮春@Ali huai chun@4主编 |
| 801 | 0 | @aCN@c20080617 |
| 905 | @dD0@eL170 | |
| 2008年考研政治理论复习导本/李淮春主编.-第9版.-北京:中国人民大学出版社,1999.04 |
| 476页;29cm |
| ISBN 978-7-300-03089-0:CNY39.00 |
| 本书内容覆盖历年常考知识点,各章附有精编习题,涵盖历年常考真题。具体包括马克思主义哲学原理、马克思主义政治经济学原理、毛泽东思想概论等五大部分。 |
| ● |
| 相关链接 |
|
|
|
正题名:2008年考研政治理论复习导本
索取号:D0/L170
 
预约/预借
| 序号 | 登录号 | 条形码 | 馆藏地/架位号 | 状态 | 备注 |
| 1 | 452722 | 204527226 | 社科库509/509社科库 66排8列5层/ [索取号:D0/L170] | 在馆 |